86 practical tips for dynamic selling : (Record no. 141711)

MARC details
000 -LEADER
fixed length control field 00874nam a2200217 a 4500
008 - FIXED-LENGTH DATA ELEMENTS--GENERAL INFORMATION
fixed length control field
020 ## - INTERNATIONAL STANDARD BOOK NUMBER
International Standard Book Number 1852524782 (pbk.)
049 ## - LOCAL HOLDINGS (OCLC)
Holding library MAIN
090 ## - LOCALLY ASSIGNED LC-TYPE CALL NUMBER (OCLC); LOCAL CALL NUMBER (RLIN)
Classification number (OCLC) (R) ; Classification number, CALL (RLIN) (NR) HF5438.25
Local cutter number (OCLC) ; Book number/undivided call number, CALL (RLIN) YUL
003 - CONTROL NUMBER IDENTIFIER
control field
005 - DATE AND TIME OF LATEST TRANSACTION
control field 20230123125441.0
040 ## - CATALOGING SOURCE
Transcribing agency NUST
100 1# - MAIN ENTRY--PERSONAL NAME
Personal name Yule, David.
245 10 - TITLE STATEMENT
Title 86 practical tips for dynamic selling :
Remainder of title 86 practical tips guaranteed to increase your sales and profit, no holds barred! a complete 'How TO' guide /
Statement of responsibility, etc. David Yule.
246 ## - VARYING FORM OF TITLE
Title proper/short title David Yule's 86 practical tips for dynamic selling :
Remainder of title 86 practical tips guaranteed to increase your sales and profit, no holds barred! a complete 'How TO' guide
260 ## - PUBLICATION, DISTRIBUTION, ETC.
Place of publication, distribution, etc. Gloustershire :
Name of publisher, distributor, etc. Management Books 2000 Ltd,
Date of publication, distribution, etc. 2005.
300 ## - PHYSICAL DESCRIPTION
Extent 222 p. :
Other physical details ill. ;
Dimensions 22 cm.
650 #1 - SUBJECT ADDED ENTRY--TOPICAL TERM
Topical term or geographic name entry element Dynamic selling.
907 ## - LOCAL DATA ELEMENT G, LDG (RLIN)
a .b10316590
b 19-03-13
c 22-08-12
942 ## - ADDED ENTRY ELEMENTS (KOHA)
Koha item type Ordinary Loan Books
Call number prefix HF5438.25
Call number suffix YUL
Holdings
Date last seen Total Checkouts Full call number Barcode Cost, replacement price Price effective from Koha item type Lost status Source of classification or shelving scheme Damaged status Not for loan Collection Withdrawn status Home library Current library Shelving location Date acquired Cost, normal purchase price
01/23/2023 1 HF5438.25 YUL 92004031272 80.00 01/23/2023 BOOKS   LCC     NFIC   MAIN MAIN GEN 01/23/2023 80.00